000 00631nam a22002057a 4500
005 20180515163948.0
010 _aENG-123026
020 _a9788131533598
_c399.00
035 _aEN-106558
037 _bDBAD/PUB.
082 _a621.382
100 _aBhat, K.N. Hari
245 _aDigital communications /
_cby K.N. Hari Bhat [and] D. Ganesh Rao
260 _aDelhi
_bCengage Learning India Pvt. Ltd.
_c2017
270 _a418, F.I.E.Patparganj
_bDelhi
_e110092 (India)
300 _axiii, 424p.
_c27cm(pbk)
_bill.
500 _aIt include index
700 _aRao, D. Ganesh
942 _2ddc
_cEN
_h621.382
_mBHA
999 _c152083
_d152083